000 01050nam a22002897a 4500
001 9849
003 FISKH
005 20260305084759.0
008 260305b cb ||||| |||| 00| 0 eng d
020 _a9780439880015
040 _aFISKH
_beng
_cFISKH
_dFISKH
050 _aGV1061.15 .R83 .K78
082 _a796.42092
100 _aKrull , Kathleen
245 _aWilma Unlimited :
_bHow Wilma Rudolph became the world's fastest woman /
_cBy Kathleen Krull : Illustrated by David Diaz
260 _aNew York :
_bScholastic ,
_c1996 .
300 _a46 unnumbered pages :
_bcolor illustrations ;
_c22 X 27 cm .
505 _aU
520 _aA biography of the African-American woman who overcame crippling polio as a child to become the first woman to win three gold medals in track in a single Olympics.
521 8 _a850
_bLexile AD
521 8 _aU
_bRaz-Plus
650 _aPerseverance
_vNon-fiction
650 _aTrack and field
_vNon-fiction
700 _aDiaz , David
_eIllustrator
942 _2ddc
_cBK
_n0
999 _c9849
_d9849